| 000 | 00581nam a22001817a 4500 | ||
|---|---|---|---|
| 999 |
_c178446 _d178446 |
||
| 005 | 20210331120049.0 | ||
| 010 | _aENG-129349 | ||
| 020 |
_a978-93-5388-248-8 _c450.00 |
||
| 035 | _aEN-112881 | ||
| 037 | _bDBAD/PUB | ||
| 082 | _a332.1068 | ||
| 100 | _aPhadke, Sanjay | ||
| 245 |
_aFintech Future: The Digital DNA of Finance/ _cSanjay Phadke |
||
| 260 |
_aNew Delhi _bSage Publication India _c2020 |
||
| 270 |
_aB1/1-1 Mohan Cooperative Industrial Area Mathura Road _bNew Delhi _e110044 |
||
| 300 |
_axxxii+190p. _c22cm(pbk) |
||
| 942 |
_2ddc _cEN _h332.1068 _mPHA |
||